000 00772nam a2200241 a 4500
001 42417
003 BD-RjUL
005 20211209053535.0
008 160612s1960 ii 001 0 eng d
035 _a(BD-RjUL) 42535
040 _aBD-RjUL
_beng
_cBD-RjUL
_dBD-RjUL
041 _aeng
082 _223
_a338.91
_bCLE 1960
100 1 _aClairmonte, Frederick.
_9130468
245 1 0 _aEconomic liberalism and underdevelopment :
_bstudies in the disintegration of an idea /
_cFrederick Clairmonte
260 _aLondon :
_bAsia Publishing House,
_c1960
300 _a344 p. :
_bill. ;
_c23 cm
500 _aIncludes indexes
504 _aIncludes bibliographical references
650 0 _aFree enterprise
_9130469
651 0 _aDeveloping countries
_9130470
942 _2ddc
_cBK
999 _c42417
_d42417